000 00282nam a2200109Ia 4500
008 171211s9999 xx 000 0 und d
245 4 _aThe Cinema of John Boorman
245 _cBrian Hoyle
260 _c2012
650 _xART
856 _uhttp://down.ebook777.com/061/0810883953.pdf
999 _c348577
_d348577